Encimosaurio / (Registro nro. 3954)
[ vista simple ]
| 000 -LEADER | |
|---|---|
| fixed length control field | 01041nam a2200265Ia 4500 |
| 003 - CONTROL NUMBER IDENTIFIER | |
| control field | OSt |
| 005 - DATE AND TIME OF LATEST TRANSACTION | |
| control field | 20200330121244.0 |
| 008 - FIXED-LENGTH DATA ELEMENTS--GENERAL INFORMATION | |
| fixed length control field | 191128s2016 ck a br 000 1 spa d |
| 020 ## - INTERNATIONAL STANDARD BOOK NUMBER | |
| International Standard Book Number | 9789587802788 |
| 040 ## - CATALOGING SOURCE | |
| Original cataloging agency | CO-JMCR |
| Transcribing agency | CO-JMCR |
| 041 ## - LANGUAGE CODE | |
| Language code of text/sound track or separate title | spa |
| 082 04 - DEWEY DECIMAL CLASSIFICATION NUMBER | |
| Classification number | A / |
| Item number | GEDe |
| 100 1# - MAIN ENTRY--PERSONAL NAME | |
| Personal name | Gedovíus, Juan, |
| Relator term | autor |
| 9 (RLIN) | 1972 |
| 245 10 - TITLE STATEMENT | |
| Title | Encimosaurio / |
| Statement of responsibility, etc. | Juan Gedovius |
| 250 ## - EDITION STATEMENT | |
| Edition statement | Primera edición |
| 260 ## - PUBLICATION, DISTRIBUTION, ETC. | |
| Place of publication, distribution, etc. | Bogotá : |
| Name of publisher, distributor, etc. | SM, |
| Date of publication, distribution, etc. | 2016 |
| 300 ## - PHYSICAL DESCRIPTION | |
| Extent | [40] páginas sin numerar : |
| Other physical details | ilustraciones en color ; |
| Dimensions | 29 cm. |
| 440 ## - SERIES STATEMENT/ADDED ENTRY--TITLE | |
| Title | Leer es mi cuento |
| 9 (RLIN) | 1773 |
| 500 ## - GENERAL NOTE | |
| General note | Plan Nacional de lectura y escritura, 2016. |
| 520 ## - SUMMARY, ETC. | |
| Summary, etc. | Ceratosaurio está buscando con quién jugar. Quiere ser amigo de Lambeosaurio,de los grandes lagaratos voladores y de otros parientes suyos.Ellos no le hacen caso y se alejan, pero él insiste, no se da por vencido. ¡qué encimoso!Deberían llamarlo encimosau |
| 521 ## - TARGET AUDIENCE NOTE | |
| Target audience note | Recomendado de 6 a 8 años. |
| 546 ## - LANGUAGE NOTE | |
| Language note | spa |
| 650 14 - SUBJECT ADDED ENTRY--TOPICAL TERM | |
| Topical term or geographic name entry element | Dinosaurios en la literatura |
| Chronological subdivision | siglo XX |
| 9 (RLIN) | 1974 |
| General subdivision | album |
| 942 ## - ADDED ENTRY ELEMENTS (KOHA) | |
| Source of classification or shelving scheme | Dewey Decimal Classification |
| Koha item type | Books |
| Withdrawn status | Lost status | Source of classification or shelving scheme | Damaged status | Not for loan | Collection code | Home library | Current library | Date acquired | Source of acquisition | Cost, normal purchase price | Total Checkouts | Full call number | Barcode | Date last seen | Date last checked out | Copy number | Koha item type | Public note |
|---|---|---|---|---|---|---|---|---|---|---|---|---|---|---|---|---|---|---|
| Dewey Decimal Classification | Fiction | Biblioteca Pública José María del Castillo y Rada | Biblioteca Pública José María del Castillo y Rada | 11/28/2019 | Donación | 0.00 | 14 | A / GEDe | 201808755 | 03/31/2026 | 03/31/2026 | Ej.1 | Books | Borde inferior desgastado. |